| 000 | 00479nam a2200157Ia 4500 | ||
|---|---|---|---|
| 003 | OSt | ||
| 005 | 20200602145622.0 | ||
| 008 | 190216s9999||||xx |||||||||||||| ||und|| | ||
| 040 | _coclc | ||
| 082 |
_a330.954 _bKUM/I |
||
| 100 |
_akumar, Dharma _92468 |
||
| 245 | 4 |
_aThe Indian Economic And Social History Review / _cDharma Kumar |
|
| 260 |
_bSage Publications, _c1998. _aCalifornia; |
||
| 300 | _a124p | ||
| 942 |
_cBK _2ddc _h330.954 _iKUM/I _k330.954 _mKUM/I |
||
| 999 |
_c19706 _d19706 |
||